00533nam a2200157Ia 4500003000400000008004100004040001600045082001800061100003900079245009800118700003000216300001100246490005800257650003000315650003000345GCL140319s9999 xx 000 0 ara d aGCL / cGCL04a701.17bد ث1 aسامى الرزاز (مترجم)10aالثورة والفن فى القرن العشرين / cسامى الرزاز (مترجم)1 aدافيدوف، يورى a317 ص aالهيئة العامة للاستعلاماتv004aالفن والمجتمع04aالفن - الفلسفة